00229nam a2200097Ia 4500008004100000041000800041082001400049100001500063245002700078260002600105231212s1977 xx 000 0 und d aeng a621.31042 aLurie J.U. aHandbook of Analytical aMascowbMir Pubc1977